<?xml version="1.0" encoding="UTF-8"?><?xml-stylesheet type="text/xsl" href="static/style.xsl"?><OAI-PMH xmlns="http://www.openarchives.org/OAI/2.0/" xmlns:xsi="http://www.w3.org/2001/XMLSchema-instance" xsi:schemaLocation="http://www.openarchives.org/OAI/2.0/ http://www.openarchives.org/OAI/2.0/OAI-PMH.xsd"><responseDate>2026-04-17T21:34:40Z</responseDate><request verb="GetRecord" identifier="oai:www.recercat.cat:2117/87769" metadataPrefix="marc">https://recercat.cat/oai/request</request><GetRecord><record><header><identifier>oai:recercat.cat:2117/87769</identifier><datestamp>2025-07-17T08:52:56Z</datestamp><setSpec>com_2072_1033</setSpec><setSpec>col_2072_452950</setSpec></header><metadata><record xmlns="http://www.loc.gov/MARC21/slim" xmlns:dcterms="http://purl.org/dc/terms/" xmlns:xsi="http://www.w3.org/2001/XMLSchema-instance" xmlns:doc="http://www.lyncode.com/xoai" xsi:schemaLocation="http://www.loc.gov/MARC21/slim http://www.loc.gov/standards/marcxml/schema/MARC21slim.xsd">
   <leader>00925njm 22002777a 4500</leader>
   <datafield ind2=" " ind1=" " tag="042">
      <subfield code="a">dc</subfield>
   </datafield>
   <datafield ind2=" " ind1=" " tag="720">
      <subfield code="a">Pesoa Marcilla, Melisa</subfield>
      <subfield code="e">author</subfield>
   </datafield>
   <datafield ind2=" " ind1=" " tag="720">
      <subfield code="a">Roca Blanch, Estanislao</subfield>
      <subfield code="e">author</subfield>
   </datafield>
   <datafield ind2=" " ind1=" " tag="260">
      <subfield code="c">2016-05</subfield>
   </datafield>
   <datafield ind2=" " ind1=" " tag="520">
      <subfield code="a">La Estación de Trenes de Shanghai se inaugura en 1887 en el distrito de Zhabei, al Norte de la ciudad. Con el tiempo, el distrito se va integrando a la ciudad, y el espacio ocupado por las playas de vías se transforma en una gran barrera urbana, como sucede en muchas otras ciudades del mundo.&#xd;
&#xd;
Qué hacer en este enorme espacio en una posición de centralidad es la pregunta que plantea la administración de los ferrocarriles junto con el municipio de Shanghai como objetivo central del concurso, y se invita a participar a seis escuelas de arquitectura de las universidades de Tongji y Nanjing (China), Cardiff (Reino Unido), MIT y Harvard (Estados Unidos) y UPC (España). A continuación presentamos la propuesta desarrollada por el equipo de estudiantes y profesores de la ETSAB-UPC, que obtuvo un segundo premio.</subfield>
   </datafield>
   <datafield ind2=" " ind1=" " tag="520">
      <subfield code="a">Postprint (author's final draft)</subfield>
   </datafield>
   <datafield tag="653" ind2=" " ind1=" ">
      <subfield code="a">Àrees temàtiques de la UPC::Arquitectura</subfield>
   </datafield>
   <datafield tag="653" ind2=" " ind1=" ">
      <subfield code="a">Àrees temàtiques de la UPC::Urbanisme</subfield>
   </datafield>
   <datafield tag="653" ind2=" " ind1=" ">
      <subfield code="a">Railroad stations -- China -- Xangai -- Contests</subfield>
   </datafield>
   <datafield tag="653" ind2=" " ind1=" ">
      <subfield code="a">City planning -- China -- Xangai -- Contests</subfield>
   </datafield>
   <datafield tag="653" ind2=" " ind1=" ">
      <subfield code="a">Estacions de ferrocarrils -- Xina -- Xangai -- Concursos</subfield>
   </datafield>
   <datafield tag="653" ind2=" " ind1=" ">
      <subfield code="a">Urbanisme -- Xina -- Xangai -- Concursos</subfield>
   </datafield>
   <datafield ind2="0" ind1="0" tag="245">
      <subfield code="a">Infrastructural Nature: repensando la estación central de Shanghai</subfield>
   </datafield>
</record></metadata></record></GetRecord></OAI-PMH>